|
|
|
|
| LEADER |
00000cam a2200000 a 4500 |
| 001 |
vtls009964347 |
| 003 |
SK-MaSNL |
| 005 |
20260302081221.0 |
| 008 |
240313s2009 xo e 000 f slo |
| 015 |
|
|
|a SNBA2010/03-01586
|
| 020 |
|
|
|a 9788055120195
|q (viaz.)
|
| 035 |
|
|
|a 464C9066-5F9A-415B-8374-B56730D771DA
|
| 035 |
|
|
|a urn:nbn:sk:snk-amk1ob
|
| 035 |
|
|
|a urn:nbn:sk:snk-am0085y6
|
| 040 |
|
|
|a SNK
|b slo
|c SNK
|e AACR2
|
| 041 |
1 |
|
|a slo
|h eng
|
| 044 |
|
|
|a xo
|c SK
|
| 072 |
|
7 |
|a 821.111(73)-3
|x Americká próza
|2 konspekt
|
| 080 |
|
|
|a 821.111(73)-31
|2 2001
|
| 080 |
|
|
|a (0:82-312.4)
|2 2001
|
| 100 |
1 |
|
|a Brown, Sandra,
|d 1948-
|4 aut
|9 89861
|
| 240 |
1 |
0 |
|a Ricochet
|l Slovensky
|
| 245 |
1 |
0 |
|a Odrazená strela
|c Sandra Brownová ; z anglického originálu Ricochet ... preložila Zuzana Dudíková
|
| 250 |
|
|
|a [1. vyd.]
|
| 260 |
|
|
|a Bratislava
|b Ikar
|c 2009
|
| 300 |
|
|
|a 430 s.
|c 21 cm
|
| 655 |
|
7 |
|a americké romány
|2 SNKPH
|9 1174
|
| 655 |
|
7 |
|a detektívne romány
|2 SNKPH
|9 70455
|
| 700 |
1 |
|
|a Dudíková, Zuzana
|4 trl
|9 21038
|
| 852 |
|
|
|a Slovenská národná knižnica
|
| 919 |
|
|
|a 978-80-551-2019-5
|
| 954 |
|
|
|a beletria cudzojazyčná (svetová)
|2 lita
|
| 958 |
|
|
|a LX
|
| 958 |
|
|
|a UP
|
| 968 |
|
|
|b ENG
|d 821
|
| 999 |
|
|
|c 1175621
|d 1177551
|
| 952 |
|
|
|a SNK
|b SNK
|y PREZ
|7 0
|p 17A0643329
|o snkSC 137845 D1
|i snk2010/1393
|8 0
|0 0
|1 0
|4 0
|d 2010-01-25
|f 1
|l 0
|r 2026-02-24 21:20:49
|w 2026-02-24
|
| 952 |
|
|
|a SNK
|b SNK
|y PREZ
|7 0
|p 17A0634972
|o snkSC 137845
|i snk2009/20099
|8 0
|0 0
|1 0
|4 0
|d 2009-11-09
|l 0
|r 2025-07-04 00:00:00
|w 2026-02-24
|